Statistics for County Seats Of Arizona

Click here to take the quiz!

General Stats

  • This quiz has been taken 58 times
  • The average score is 10 of 15

Answer Stats

CountySeat% Correct
MaricopaPhoenix
100%
PimaTucson
97%
CoconinoFlagstaff
94%
____Yuma
84%
MohaveKingman
74%
Santa CruzNogales
74%
YavapaiPrescott
74%
CochiseBisbee
65%
GilaGlobe
55%
PinalFlorence
52%
NavajoHolbrook
42%
La PazParker
42%
GrahamSafford
42%
ApacheSt. Johns
42%
GreenleeClifton
26%

Score Distribution

Percentile by Number Answered

Percent of People with Each Score

Your Score History

You have not taken this quiz